[Event "Avoine op 34th"]
[Site "Avoine"]
[Date "2019.07.20"]
[Round "5"]
[White "Abergel, Thal"]
[Black "Le, Quan Anh"]
[Result "1-0"]
[WhiteElo "2450"]
[BlackElo "2119"]
[PlyCount "55"]
[EventDate "2019.07.20"]
[EventType "swiss"]
[EventRounds "9"]
[EventCountry "FRA"]
[SourceTitle "EXT 2020"]
[Source "ChessBase"]
[SourceDate "2019.10.17"]
[SourceVersion "1"]
[SourceVersionDate "2019.10.17"]
[SourceQuality "1"]

1. Nf3 Nf6 2. e4 c5 3. g3 Nc6 4. Bg2 d5 5. exd5 Nxd5 6. 0-0 e5 7. Nc3 Nc7 8. d3 Be7 9. Be3 Bd7 10. Nd2 0-0 11. Nc4 f6 12. a4 Nd4 13. Bxb7 Bh3 14. Re1 Rb8 15. Bh1 h5 16. Nb5 Ncxb5 17. axb5 Nxb5 18. Na5 Qd7 19. Nc6 Rb6 20. Nxe7+ Qxe7 21. b4 Nd4 22. bxc5 Qxc5 23. Rxa7 Rb2 24. Bxd4 exd4 25. Qa1 Qc3 26. Rc7 Qd2 27. Bf3 h4 28. Rd1 1-0

[Event "Avoine op 34th"]
[Site "Avoine"]
[Date "2019.07.20"]
[Round "1"]
[White "Lejarre, Ludovic"]
[Black "Le, Quan Anh"]
[Result "0-1"]
[WhiteElo "2345"]
[BlackElo "2119"]
[PlyCount "78"]
[EventDate "2019.07.20"]
[EventType "swiss"]
[EventRounds "9"]
[EventCountry "FRA"]
[SourceTitle "EXT 2020"]
[Source "ChessBase"]
[SourceDate "2019.10.17"]
[SourceVersion "1"]
[SourceVersionDate "2019.10.17"]
[SourceQuality "1"]

1. e4 e5 2. Nf3 Nc6 3. Bc4 Nf6 4. d3 Be7 5. 0-0 0-0 6. Re1 d6 7. a4 Be6 8. a5 d5 9. exd5 Bxd5 10. Bxd5 Qxd5 11. Nc3 Qc5 12. Nxe5 Nxe5 13. d4 Qc6 14. dxe5 Rad8 15. Qe2 Nd5 16. Nxd5 Rxd5 17. a6 f6 18. exf6 Bxf6 19. axb7 Qxb7 20. c3 a5 21. Be3 Rb5 22. Qc4+ Kh8 23. Rad1 Rxb2 24. Bc5 Rg8 25. Qf7 c6 26. Qe8 Qb8 27. Qxc6 Bxc3 28. Rf1 Qc8 29. Qd6 Bb4 30. Rc1 Qb8 31. Qa6 Qa8 32. Qd6 Bxc5 33. Rxc5 a4 34. Qe5 Qb8 35. Qd4 a3 36. g3 a2 37. Ra5 Rb1 38. Kg2 Rd8 39. Qa4 a1Q 0-1

[Event "Avoine op 33rd"]
[Site "Avoine"]
[Date "2018.07.26"]
[Round "6"]
[White "Le, Quan Anh"]
[Black "Devallee, Jeremie"]
[Result "1/2-1/2"]
[WhiteElo "2068"]
[BlackElo "2230"]
[PlyCount "131"]
[EventDate "2018.07.21"]
[EventType "swiss"]
[EventRounds "9"]
[EventCountry "FRA"]
[SourceTitle "CBM 185 Extra"]
[Source "ChessBase"]
[SourceDate "2018.07.29"]
[SourceVersion "1"]
[SourceVersionDate "2018.07.29"]
[SourceQuality "1"]

1. e4 c5 2. Nf3 d6 3. d4 cxd4 4. Nxd4 Nf6 5. Nc3 g6 6. g3 Bg7 7. Bg2 Nc6 8. Nde2 0-0 9. 0-0 Rb8 10. a4 a6 11. h3 b5 12. axb5 axb5 13. Bg5 Re8 14. Qc1 Be6 15. Rd1 Nd7 16. Nd5 Nb6 17. Be3 Nc4 18. Nd4 Bxd5 19. exd5 Nxd4 20. Bxd4 Ra8 21. Bxg7 Kxg7 22. b3 Ne5 23. Rxa8 Qxa8 24. Qe3 Nd7 25. Qd3 Qa5 26. Qd4+ Kg8 27. Ra1 Qc7 28. Ra7 Qc5 29. Qxc5 Nxc5 30. Bf1 b4 31. Bb5 Rb8 32. Bc6 Kf8 33. f3 Rb6 34. Kf2 h5 35. Ke3 g5 36. f4 gxf4+ 37. Kxf4 Ne6+ 38. Ke3 Ng5 39. h4 Nh7 40. Kf4 Nf6 41. Ra8+ Kg7 42. Rc8 Kg6 43. Rd8 Ra6 44. Rb8 Ra2 45. Rxb4 Rxc2 46. Rc4 Rb2 47. Rc3 Rd2 48. Re3 Nxd5+ 49. Bxd5 e5+ 50. Rxe5 dxe5+ 51. Kxe5 f6+ 52. Kd6 Kf5 53. Kc5 Kg4 54. b4 Kxg3 55. b5 f5 56. b6 f4 57. b7 Rb2 58. Bc6 Rxb7 59. Bxb7 Kxh4 60. Bf3 Kg5 61. Kd4 h4 62. Kd3 h3 63. Ke2 h2 64. Kf2 h1Q 65. Bxh1 f3 66. Bxf3 1/2-1/2

[Event "Avoine op 32nd"]
[Site "Avoine"]
[Date "2017.07.29"]
[Round "8"]
[White "Le, Quan Anh"]
[Black "Hernandez Moya, Yuleisis"]
[Result "0-1"]
[WhiteElo "1922"]
[BlackElo "2256"]
[PlyCount "72"]
[EventDate "2017.07.22"]
[EventType "swiss"]
[EventRounds "9"]
[EventCountry "FRA"]
[SourceTitle "CBM 179 Extra"]
[Source "ChessBase"]
[SourceDate "2017.08.23"]
[SourceVersion "1"]
[SourceVersionDate "2017.08.23"]
[SourceQuality "1"]

1. e4 c5 2. Nf3 e6 3. g3 Nc6 4. Bg2 Qc7 5. 0-0 Nf6 6. Re1 d6 7. c3 e5 8. h3 g6 9. d4 Bg7 10. Na3 0-0 11. Nc2 Ne7 12. Bg5 Be6 13. Qd2 Rac8 14. d5 Bd7 15. c4 Qd8 16. Bh6 b5 17. b3 Rb8 18. cxb5 Bxb5 19. Na3 Ba6 20. Rac1 Rb4 21. Nc4 Bxc4 22. Rxc4 Rxc4 23. bxc4 Qb6 24. g4 Rb8 25. Qg5 Qa6 26. h4 Rb7 27. h5 Bh8 28. hxg6 hxg6 29. Qh4 Nh7 30. Ng5 Bf6 31. Re3 Qxc4 32. Rh3 Qc1+ 33. Kh2 Qf4+ 34. Kg1 Nxg5 35. Bxg5 Qxg5 36. Qh7+ Kf8 0-1

[Event "FRA-chT U16"]
[Site "Dieppe"]
[Date "2015.??.??"]
[Round "?"]
[White "Gao, Etienne"]
[Black "Le, Quan Anh"]
[Result "1-0"]
[WhiteElo "1864"]
[BlackElo "1694"]
[PlyCount "127"]
[EventDate "2015.05.??"]
[EventType "team-tourn"]
[EventRounds "6"]
[EventCountry "FRA"]
[SourceTitle "EXT 2016"]
[Source "ChessBase"]
[SourceDate "2015.10.08"]
[SourceVersion "1"]
[SourceVersionDate "2015.10.08"]
[SourceQuality "1"]

1. e4 e5 2. Nf3 Nc6 3. d4 exd4 4. Nxd4 Nf6 5. Nxc6 bxc6 6. Bd3 d5 7. exd5 cxd5 8. 0-0 Be7 9. Nc3 0-0 10. Bf4 c6 11. Re1 Be6 12. Ne2 Bd6 13. Bxd6 Qxd6 14. c3 Rab8 15. Qc2 c5 16. Rad1 Qb6 17. Rb1 Rfe8 18. Nf4 Qd6 19. Nxe6 fxe6 20. Qe2 e5 21. Bb5 Re7 22. Ba4 Rd8 23. Rbd1 Qc7 24. Bc2 Qb8 25. Bb1 Ree8 26. b3 Kh8 27. c4 d4 28. Qf3 Re7 29. Re2 Rf8 30. Qc6 Rc8 31. Qf3 Rce8 32. Rde1 Qb4 33. Be4 Rd8 34. Kf1 Nxe4 35. Rxe4 Qb8 36. Qd3 Qd6 37. Kg1 Rf8 38. f3 g6 39. R1e2 Kg7 40. Re1 Rf4 41. R1e2 Qf6 42. Re1 Qg5 43. Qe2 Qf5 44. Rxe5 Rxe5 45. Qxe5+ Qxe5 46. Rxe5 d3 47. Kf2 Rd4 48. Ke1 Rd7 49. Kd2 Rd6 50. Rxc5 Ra6 51. a4 Rb6 52. Rb5 Re6 53. Kxd3 a6 54. Rb7+ Kh6 55. Rd7 Rb6 56. Kc3 Re6 57. Rd2 a5 58. b4 Re3+ 59. Kd4 Ra3 60. bxa5 Rxa4 61. Rc2 Rxa5 62. c5 Ra8 63. c6 Rd8+ 64. Ke5 1-0

[Event "FRA-chT U20 16 GP Haute 1213"]
[Site "France"]
[Date "2013.05.18"]
[Round "8"]
[White "Bellahcene, Meriem"]
[Black "Le, Quan Anh"]
[Result "0-1"]
[WhiteElo "1495"]
[BlackElo "1593"]
[PlyCount "94"]
[EventDate "2012.12.01"]
[EventType "team"]
[EventRounds "11"]
[EventCountry "FRA"]
[SourceTitle "EXT 2014"]
[Source "ChessBase"]
[SourceDate "2013.11.20"]
[SourceVersion "1"]
[SourceVersionDate "2013.11.20"]
[SourceQuality "1"]
[WhiteTeam "Bischwiller (U20)"]
[BlackTeam "Creteil (U20)"]
[WhiteTeamCountry "FRA"]
[BlackTeamCountry "FRA"]

1. e4 e5 2. Nf3 Nc6 3. d4 exd4 4. Nxd4 Qf6 5. Be3 Bc5 6. c3 Nge7 7. Bc4 b6 8. 0-0 0-0 9. Nxc6 Qxc6 10. Bxc5 Qxc5 11. Nd2 d5 12. exd5 Nxd5 13. Bb3 Bb7 14. Qf3 Qc6 15. Rfe1 Rae8 16. Nc4 Nf6 17. Qxc6 Bxc6 18. Ne5 Bb7 19. Rad1 h6 20. Ba4 Re6 21. Bb3 Ree8 22. Ba4 Re6 23. Bb3 Re7 24. Ng6 Rxe1+ 25. Rxe1 Rd8 26. Re7 Bd5 27. Bxd5 Rxd5 28. g3 fxg6 29. Rxc7 a5 30. Rc6 b5 31. Ra6 b4 32. c4 Rc5 33. b3 Ne4 34. Rxg6 Nc3 35. Rb6 Nxa2 36. Rb5 Rxb5 37. cxb5 Nc3 38. b6 Ne2+ 39. Kf1 Nd4 40. Ke1 Kf7 41. b7 Nc6 42. f4 Ke6 43. Ke2 Kd6 44. g4 Kc7 45. h4 Kxb7 46. g5 h5 47. f5 Nd4+ 0-1

[Event "FRA-chT U20 GpB 1213"]
[Site "France"]
[Date "2013.01.06"]
[Round "7"]
[White "Banat, Rayan"]
[Black "Le, Quan Anh"]
[Result "0-1"]
[WhiteElo "1740"]
[BlackElo "1593"]
[PlyCount "82"]
[EventDate "2012.12.01"]
[EventType "team"]
[EventRounds "7"]
[EventCountry "FRA"]
[SourceTitle "EXT 2014"]
[Source "ChessBase"]
[SourceDate "2013.11.20"]
[SourceVersion "1"]
[SourceVersionDate "2013.11.20"]
[SourceQuality "1"]
[WhiteTeam "Clichy (U20)"]
[BlackTeam "Creteil (U20)"]
[WhiteTeamCountry "FRA"]
[BlackTeamCountry "FRA"]

1. d4 Nf6 2. Nf3 g6 3. g3 Bg7 4. Bg2 d5 5. 0-0 c6 6. c3 0-0 7. Bf4 Bg4 8. Ne5 Nbd7 9. Nxg4 Nxg4 10. e4 Ngf6 11. e5 Ne8 12. Be3 Nc7 13. f4 f5 14. h4 h5 15. Nd2 e6 16. Nf3 Nb6 17. b3 a5 18. a4 Nd7 19. Ng5 Re8 20. b4 axb4 21. cxb4 Nb6 22. Qb3 Nc4 23. Rfb1 Qd7 24. Bf1 b5 25. axb5 cxb5 26. Bxc4 dxc4 27. Qc2 Nd5 28. Bd2 Bf8 29. Rxa8 Rxa8 30. Bc3 Ra4 31. Qd2 Ra3 32. Bb2 Rxg3+ 33. Kh2 Rd3 34. Qf2 Bxb4 35. Qg1 Rd2+ 36. Kh1 Qc6 37. Nf3 Ne7 38. Rf1 Rxb2 39. Qg5 c3 40. Qf6 c2 41. Kg1 c1Q 0-1

[Event "FRA-chT U20 1112"]
[Site "France"]
[Date "2011.12.19"]
[Round "7.6"]
[White "Le, Quan Anh"]
[Black "Lefebvre, Alexandre"]
[Result "1-0"]
[WhiteElo "1537"]
[BlackElo "1410"]
[PlyCount "109"]
[EventDate "2011.12.03"]
[EventType "team-swiss"]
[EventRounds "7"]
[EventCountry "FRA"]
[SourceTitle "EXT 2013"]
[Source "ChessBase"]
[SourceDate "2012.11.22"]
[SourceVersion "1"]
[SourceVersionDate "2012.11.22"]
[SourceQuality "1"]

1. e4 c5 2. Nf3 Nc6 3. Nc3 d6 4. d4 cxd4 5. Nxd4 Nf6 6. Bg5 Bd7 7. Qd2 a6 8. 0-0-0 Rc8 9. f3 Na5 10. Re1 h6 11. Bh4 g5 12. Bg3 Nh5 13. e5 Nxg3 14. hxg3 dxe5 15. Rxe5 Nc4 16. Bxc4 Rxc4 17. Rhe1 Qb6 18. Rxe7+ Bxe7 19. Rxe7+ Kd8 20. Ne6+ Kc8 21. Qxd7+ Kb8 22. Re8+ Rxe8 23. Qxe8+ Ka7 24. Qxf7 Qe3+ 25. Kd1 Rc6 26. Nc7 Qb6 27. N7d5 Qxb2 28. Qg7 Qa3 29. Qd4+ Kb8 30. Qh8+ Ka7 31. Qd4+ Ka8 32. Nc7+ Rxc7 33. Qd8+ Ka7 34. Qxc7 Qb4 35. Qe5 Qb6 36. Ke2 Qb2 37. Kd2 Qb6 38. Qe3 a5 39. Qxb6+ Kxb6 40. a3 Kc5 41. Kd3 Kd6 42. Kd4 b6 43. Nb5+ Ke6 44. Ke4 Kf6 45. g4 Kg6 46. g3 Kf6 47. Kd5 a4 48. Nc3 Kg6 49. Nxa4 b5 50. Nc3 h5 51. gxh5+ Kxh5 52. Nxb5 g4 53. fxg4+ Kxg4 54. a4 Kxg3 55. a5 1-0

[Event "FRA-chT U20 1112"]
[Site "France"]
[Date "2011.12.18"]
[Round "5.6"]
[White "Le, Quan Anh"]
[Black "Slim, Rayan"]
[Result "1/2-1/2"]
[WhiteElo "1537"]
[BlackElo "1440"]
[PlyCount "81"]
[EventDate "2011.12.03"]
[EventType "team-swiss"]
[EventRounds "7"]
[EventCountry "FRA"]
[SourceTitle "EXT 2013"]
[Source "ChessBase"]
[SourceDate "2012.11.22"]
[SourceVersion "1"]
[SourceVersionDate "2012.11.22"]
[SourceQuality "1"]

1. e4 g6 2. Nf3 Bg7 3. g3 Nf6 4. d3 d6 5. Bg2 0-0 6. Nc3 Bg4 7. h3 Bxf3 8. Qxf3 Nc6 9. Be3 e5 10. 0-0 Nb4 11. Qe2 c5 12. Bg5 Qe7 13. Bxf6 Bxf6 14. Nd5 Nxd5 15. exd5 a6 16. c4 b5 17. Rae1 Rfe8 18. Qc2 b4 19. b3 a5 20. Be4 Bg7 21. g4 Rf8 22. Kh2 f5 23. Bg2 f4 24. Be4 Qf7 25. f3 Qf6 26. Qf2 a4 27. Ra1 Ra7 28. h4 g5 29. h5 h6 30. bxa4 Rxa4 31. Rfb1 Rfa8 32. Kh3 Qe7 33. Rb2 Qa7 34. Qc2 Ra3 35. Qb1 b3 36. Rxb3 Rxa2 37. Rxa2 Qxa2 38. Qxa2 Rxa2 39. Rb8+ Bf8 40. Rb7 Rd2 41. Rd7 1/2-1/2

[Event "FRA-chTA U20 1011"]
[Site "France"]
[Date "2010.12.19"]
[Round "4.7"]
[White "Lavault, Samuel"]
[Black "Le, Quan Anh"]
[Result "0-1"]
[WhiteElo "1520"]
[BlackElo "1420"]
[PlyCount "48"]
[EventDate "2010.11.21"]
[EventType "team-tourn"]
[EventRounds "7"]
[EventCountry "FRA"]
[SourceTitle "EXT 2012"]
[Source "ChessBase"]
[SourceDate "2011.11.24"]
[SourceVersion "1"]
[SourceVersionDate "2011.11.24"]
[SourceQuality "1"]
[WhiteTeam "Grenoble"]
[BlackTeam "Creteil"]
[WhiteTeamCountry "FRA"]
[BlackTeamCountry "FRA"]

1. e4 e5 2. Nf3 Nc6 3. Bc4 Nf6 4. Ng5 d5 5. exd5 Nd4 6. d6 Qxd6 7. Nxf7 Qc6 8. d3 Qxg2 9. Rf1 Bg4 10. Qxg4 Qxg4 11. f3 Nxf3+ 12. Kf2 Bc5+ 13. Be3 Bxe3+ 14. Kxe3 Qf4+ 15. Ke2 Nd4+ 16. Ke1 Nxc2+ 17. Ke2 Qxh2+ 18. Kd1 Ne4 19. Nxh8 0-0-0 20. Nf7 Ne3+ 21. Ke1 Nxf1 22. Be6+ Kb8 23. Nxd8 Qf2+ 24. Kd1 Ne3+ 0-1

[Event "FRA-chTA U20 1011"]
[Site "France"]
[Date "2010.12.19"]
[Round "7.7"]
[White "Le, Quan Anh"]
[Black "Bergougnoux, Axel"]
[Result "1/2-1/2"]
[WhiteElo "1420"]
[BlackElo "1360"]
[PlyCount "40"]
[EventDate "2010.11.21"]
[EventType "team-tourn"]
[EventRounds "7"]
[EventCountry "FRA"]
[SourceTitle "EXT 2012"]
[Source "ChessBase"]
[SourceDate "2011.11.24"]
[SourceVersion "1"]
[SourceVersionDate "2011.11.24"]
[SourceQuality "1"]
[WhiteTeam "Creteil"]
[BlackTeam "Cannes"]
[WhiteTeamCountry "FRA"]
[BlackTeamCountry "FRA"]

1. e4 Nf6 2. Nc3 d5 3. exd5 Nxd5 4. d4 Bf5 5. Bd3 Bg6 6. Nf3 e6 7. 0-0 Be7 8. Re1 0-0 9. Bxg6 hxg6 10. Ne5 Nd7 11. Nxd5 exd5 12. Qe2 Re8 13. Nxd7 Qxd7 14. Be3 Bg5 15. Qd2 Bxe3 16. Rxe3 Rxe3 17. Qxe3 Qe8 18. Re1 Kf8 19. Qxe8+ Rxe8 20. Rxe8+ Kxe8 1/2-1/2

[Event "FRA-chTA U20 1011"]
[Site "France"]
[Date "2010.12.19"]
[Round "6.10"]
[White "Le, Quan Anh"]
[Black "Di Frenna, Oscar"]
[Result "1-0"]
[WhiteElo "1420"]
[BlackElo "1009"]
[PlyCount "93"]
[EventDate "2010.11.21"]
[EventType "team-tourn"]
[EventRounds "7"]
[EventCountry "FRA"]
[SourceTitle "EXT 2012"]
[Source "ChessBase"]
[SourceDate "2011.11.24"]
[SourceVersion "1"]
[SourceVersionDate "2011.11.24"]
[SourceQuality "1"]
[WhiteTeam "Creteil"]
[BlackTeam "Montpellier"]
[WhiteTeamCountry "FRA"]
[BlackTeamCountry "FRA"]

1. e4 e5 2. Nf3 Nc6 3. Bb5 Bb4 4. a3 a6 5. Bxc6 dxc6 6. axb4 Bg4 7. Nc3 Bxf3 8. Qxf3 Ne7 9. d3 0-0 10. 0-0 b6 11. Qg3 c5 12. Bh6 Ng6 13. Be3 cxb4 14. Nd5 Qd6 15. f4 exf4 16. Nxf4 Rad8 17. Nxg6 hxg6 18. Qxd6 cxd6 19. Rxa6 b5 20. Bd2 f6 21. Bxb4 Rd7 22. Rxd6 Rxd6 23. Bxd6 Rd8 24. Ba3 f5 25. exf5 gxf5 26. Rxf5 g6 27. Rxb5 Re8 28. Bb4 Rd8 29. Rg5 Kh7 30. h4 Rb8 31. Bc3 Ra8 32. h5 gxh5 33. Rxh5+ Kg6 34. Ra5 Re8 35. Ra6+ Kh7 36. b4 Rg8 37. b5 Rb8 38. b6 Kg8 39. Bd4 Re8 40. b7 Rb8 41. Ra8 Rf8 42. Rxf8+ Kxf8 43. b8Q+ Kf7 44. Qd6 Kg8 45. Qc7 Kf8 46. Bf6 Ke8 47. Qe7# 1-0

[Event "FRA-chTA U20 1011"]
[Site "France"]
[Date "2010.12.19"]
[Round "7.9"]
[White "Mautin, Arthur"]
[Black "Le, Quan Anh"]
[Result "0-1"]
[WhiteElo "1430"]
[BlackElo "1420"]
[PlyCount "98"]
[EventDate "2010.11.21"]
[EventType "team-tourn"]
[EventRounds "7"]
[EventCountry "FRA"]
[SourceTitle "EXT 2012"]
[Source "ChessBase"]
[SourceDate "2011.11.24"]
[SourceVersion "1"]
[SourceVersionDate "2011.11.24"]
[SourceQuality "1"]
[WhiteTeam "Cannes"]
[BlackTeam "Creteil"]
[WhiteTeamCountry "FRA"]
[BlackTeamCountry "FRA"]

1. d4 Nf6 2. c4 c5 3. d5 e6 4. Nc3 exd5 5. cxd5 d6 6. Bg5 g6 7. Nf3 Bg7 8. e3 0-0 9. Be2 a6 10. 0-0 Bg4 11. h3 Bxf3 12. Bxf3 Nbd7 13. Ne4 Qc7 14. Nxf6+ Nxf6 15. Bf4 b5 16. Rc1 Nd7 17. Qb3 Rab8 18. Rfd1 c4 19. a3 Qb6 20. Qb4 Nc5 21. Bg4 Rfe8 22. Bg3 a5 23. Qd2 Nb3 24. Qc2 Nxc1 25. Rxc1 Be5 26. Bxe5 Rxe5 27. Bf3 b4 28. axb4 Qxb4 29. Qxc4 Qxc4 30. Rxc4 Rxb2 31. Ra4 Rb5 32. Kh2 Re7 33. Kg3 Ra7 34. Be2 Rb4 35. Ra2 a4 36. f4 a3 37. Kf3 Rb2 38. Ra1 a2 39. Bd3 Rd2 40. Be4 f5 41. g4 fxe4+ 42. Kxe4 Rb7 43. Kf3 Rb1 44. Rxa2 Rxa2 45. f5 gxf5 46. gxf5 Rf1+ 47. Kg4 Raf2 48. e4 Rf4+ 49. Kg5 Rxe4 0-1

[Event "FRA-chTA U20 1011"]
[Site "France"]
[Date "2010.11.21"]
[Round "3.10"]
[White "Le, Quan Anh"]
[Black "Coulet, Axel"]
[Result "1-0"]
[WhiteElo "1420"]
[BlackElo "1190"]
[PlyCount "121"]
[EventDate "2010.11.21"]
[EventType "team-tourn"]
[EventRounds "7"]
[EventCountry "FRA"]
[SourceTitle "EXT 2012"]
[Source "ChessBase"]
[SourceDate "2011.11.24"]
[SourceVersion "1"]
[SourceVersionDate "2011.11.24"]
[SourceQuality "1"]
[WhiteTeam "Creteil"]
[BlackTeam "AECE"]
[WhiteTeamCountry "FRA"]
[BlackTeamCountry "FRA"]

1. d4 Nf6 2. c4 g6 3. Nc3 Bg7 4. e4 d6 5. f3 0-0 6. Bg5 c5 7. d5 e6 8. Nge2 exd5 9. Nxd5 Nbd7 10. Qd2 Re8 11. Nxf6+ Nxf6 12. Nf4 Re5 13. Nd3 Re8 14. g4 Be6 15. b3 Qc7 16. h4 Nd7 17. h5 Bxa1 18. hxg6 fxg6 19. Qh2 Bc3+ 20. Kd1 Nb6 21. b4 cxb4 22. c5 dxc5 23. Qxc7 Nd7 24. Qh2 Nf8 25. Bh6 Re7 26. Bxf8 Rxf8 27. Qd6 Rff7 28. Qd8+ Kg7 29. Qa5 b6 30. Qa4 Rxf3 31. Qc2 Bxg4 32. Kc1 Rxe4 33. Bg2 Bd4 34. Bxf3 Be3+ 35. Kb2 Bd4+ 36. Kb1 Bxf3 37. Re1 Rxe1+ 38. Nxe1 Kf6 39. Nxf3 Be3 40. Qe2 Bf4 41. Qf2 g5 42. Nd2 a5 43. Ne4+ Kf5 44. Nxc5 bxc5 45. Qxc5+ Be5 46. Qxa5 g4 47. Qxb4 g3 48. Qc5 g2 49. Qf2+ Bf4 50. Qxg2 h5 51. a4 h4 52. Qd5+ Be5 53. Qg2 Bg3 54. a5 Kg4 55. a6 h3 56. Qh1 h2 57. a7 Bf2 58. a8Q Bg1 59. Qf8 Kg3 60. Qhf3+ Kh4 61. Qh6# 1-0